000 00662nam a2200157 4500
999 _c6623
_d6623
008 170421b xxu||||| |||| 00| 0 eng d
022 _a0091-4169
082 _aDPer 364.05 J82 2013 v. 103, n. 1
100 _920059
_aSchneider, Sydney
245 _aWhen innocent defendants falsely confess:
_banalyzing the ramifications of entering Alford pleas in the context of the burgeoning innocence movement/
_cSydney Schneider.
260 _aEvanston:
_bNorthwestern University Press,
_c©2013.
300 _av103 n1, pages 279-308;
_c25 cm.
500 _aThe Journal of criminal law and criminology.
650 0 _920061
_aCriminal justice system
942 _2ddc
_cPER